000 00320nam a2200145Ia 4500
100 _aGoode/William J/ Hatt /P.K
650 _aSocial Research
942 _cBK
245 _aMethods in Social Research
260 _bMcGraw - Hill
_c1952
082 _a301.072
_bGOO
300 _a386
546 _aENGLISH
999 _c28545
_d28545